000 00469nam a2200169Ia 4500
003 GCL
008 140319s9999 xx 000 0 eng d
040 _aGCL /
_cGCL
082 0 4 _a332.042
_bR M
100 1 _aRABB, THEODORE K.
245 1 0 _aINTERNATIONAL FINANCE AND OPEN ECONOMY ,2nd ed. /
_cRABB, THEODORE K.
260 _a[S.N] :
_bACADEMY EDITIONS ،
_c1994
300 _a676 P
650 0 4 _aINTERNATIONAL FINANCE
650 0 4 _aOPEN ECONOMICS
942 _2ddc
_cBK
999 _c17715
_d17715